000 00887nam0a22002411 4500
001 v19\rc\1218610
005 20260405175118.0
035 _a(NLR Aleph) 004381110
090 _a3627444
_c3627444
100 _a20060306e18741874|||y0rusy50 ca
101 0 _arus
102 _aRU
105 _ay z |||a|
200 1 _aСфинкс
_eДрама в 4-х д.
_f[Соч.] Октава Фелье
210 _d1874
_aБ. м.
311 _aОтт. из: "Французский театр. Т. 1". Спб. 1874, с. 3-70
488 0 _12001#$aФранцузский театр$eТ. 1
_1210##$aСанкт-Петербург$d1874
_1215##$aС. 3-70
_tФранцузский театр
700 1 _8rus
_7ca
_aФейе
_bО.
_f1821-1890
_gОктав
_3RU\NLR\AUTH\7776247
_959175
801 0 _aRU
_bNLR
_gpsbo
801 1 _aRU
_bProSoft-M
_2rusmarc
852 _aNLR
_bЛ
_j60/Б2/13
942 _cBOOK
980 _aNB